00488nam a2200145Ia 4500003000900000008004100009040001600050080001800066110003100084245011000115260004800225300001500273650003500288650001900323IN-BaIIA211028s9999 xx 000 0 eng d cIIA Library a081:53bIAS-1 aIndian Academy of Sciences 0aSelected papers of K. R. Ramanathanbvol. 1cIndian Academy of Sciences  aBangalorebIndian Academy of Sciencesc1983 axix, 609p. aK R Ramanathan collected works aNASA Thesaurus